LIBRARY & INFORMATION CENTRE, KCAET, TAVANUR

ONLINE PUBLIC ACCESS CATALOGUE (OPAC)

Ground water Assessment Development and Management / (Record no. 10711)

MARC details
000 -LEADER
fixed length control field 00573cam a2200181ua 4500
020 ## - INTERNATIONAL STANDARD BOOK NUMBER
ISBN 97800745171
082 ## - DEWEY DECIMAL CLASSIFICATION NUMBER
Classification number 551.49
Item number KAR/GR
100 ## - MAIN ENTRY--AUTHOR NAME
Personal name Karanth, K R .
245 ## - TITLE STATEMENT
Title Ground water Assessment Development and Management /
260 ## - PUBLICATION, DISTRIBUTION, ETC. (IMPRINT)
Place of publication New Delhi :
Name of publisher Mc-Graw Hil lEduation (India) Private Limited
Year of publication 2013
300 ## - PHYSICAL DESCRIPTION
Number of Pages 720 ; .
650 ## - SUBJECT ADDED ENTRY--TOPICAL TERM
Topical Term Aquifer properties
650 ## - SUBJECT ADDED ENTRY--TOPICAL TERM
Topical Term Artificial recharge
650 ## - SUBJECT ADDED ENTRY--TOPICAL TERM
Topical Term Ground water exploration
650 ## - SUBJECT ADDED ENTRY--TOPICAL TERM
Topical Term Saline Water intrusion
650 ## - SUBJECT ADDED ENTRY--TOPICAL TERM
Topical Term Well design and construction
942 ## - ADDED ENTRY ELEMENTS (KOHA)
Koha item type Books
Holdings
Withdrawn status Lost status Damaged status Home library Current library Date acquired Full call number Accession Number Koha item type Collection code Shelving location Source of acquisition Cost, normal purchase price
      KAUAET KAUAET 05/01/1990 551.49 16576 Books        
      KAUAET KAUAET 07/04/2012 551.49 19966 Books        
      KAUAET KAUAET 21/07/2016 551.49 KAR/GR 24782 Books   General Stacks Dream Tech, Trivandrum 735.00
free website counter